<?xml version="1.0" encoding="UTF-8"?>
<collection xmlns="http://www.loc.gov/MARC21/slim">
 <record>
  <leader>00569pamaa2200193   4500</leader>
  <controlfield tag="001">0000032263</controlfield>
  <controlfield tag="005">20130417090000.0</controlfield>
  <datafield tag="020" ind1="0" ind2="0">
   <subfield code="a">0723429979 (CD) </subfield>
  </datafield>
  <datafield tag="090" ind1="0" ind2="0">
   <subfield code="a">QR181 </subfield>
   <subfield code="b">ROI 2001</subfield>
  </datafield>
  <datafield tag="100" ind1="1" ind2="0">
   <subfield code="a">Roitt </subfield>
  </datafield>
  <datafield tag="245" ind1="1" ind2="0">
   <subfield code="a">Immunology interactive : </subfield>
   <subfield code="b">version 2.1  </subfield>
   <subfield code="c">Ivan Roitt, Jonathan Brostoff, David male [</subfield>
   <subfield code="m">CD-ROM].</subfield>
  </datafield>
  <datafield tag="250" ind1="0" ind2="0">
   <subfield code="a">6th ed.</subfield>
  </datafield>
  <datafield tag="260" ind1="0" ind2="0">
   <subfield code="a">Edinburgh: </subfield>
   <subfield code="b">Mosby, </subfield>
   <subfield code="c">2001.</subfield>
  </datafield>
  <datafield tag="300" ind1=" " ind2=" ">
   <subfield code="a">1 CD-ROM; </subfield>
   <subfield code="c">4.5 inch.</subfield>
  </datafield>
  <datafield tag="500" ind1="0" ind2="0">
   <subfield code="a">Accompany with textbook  titled &quot;Immunology&quot;</subfield>
  </datafield>
  <datafield tag="650" ind1="0" ind2="0">
   <subfield code="a">Immunology </subfield>
  </datafield>
  <datafield tag="650" ind1="0" ind2="0">
   <subfield code="a">Immunity </subfield>
  </datafield>
  <datafield tag="700" ind1="1" ind2="1">
   <subfield code="a">BROSTOFF, </subfield>
   <subfield code="h">Jonathan </subfield>
  </datafield>
  <datafield tag="700" ind1="1" ind2="1">
   <subfield code="a">Male, </subfield>
   <subfield code="h">David </subfield>
  </datafield>
 </record>
</collection>
